Top 10 krajów w produkcji energii jądrowej - Statystyki

Ogólne statystyki
  • Ten quiz został rozwiązany 1 327 razy
  • Średni wynik to 8 z 10
Statystyki odpowiedzi
GWh % Kraj % Poprawnych
804,872 19.7 Stany Zjednoczone
97%
184,054 17.1 Rosja
95%
197,829 3.6 Chiny
91%
386,452 72.2 Francja
91%
80,069 13.1 Niemcy
89%
95,650 15.6 Kanada
79%
65,149 20.4 Wielka Brytania
71%
76,078 52.3 Ukraina
60%
154,306 30.3 Korea Południowa
54%
60,647 40.0 Szwecja
38%
Nie znaleziono quizów pasujących do podanych kryteriów
Rozkład punktacji
Procent ludzi z każdym wynikiem
Percentyl według liczby udzielonych odpowiedzi
Twoja historia wyników
Nie rozwiązałeś tego quizu